Primo Omo Il sesso fra maschi nei racconti della prima volta

Gardado en:
Detalles Bibliográficos
Autor Principal: Rozzi, Sergio
Formato: Libro
Idioma:inglés
Publicado: Roma Gruppo Editoriale l'Espresso 2009
Tags: Engadir etiqueta
Sen Etiquetas, Sexa o primeiro en etiquetar este rexistro!

MARC

LEADER 00000nam a2200000 4500
005 20240710182454.0
008 240710b |||||||| |||| 00| 0 eng d
040 |c GP 
100 |a Rozzi, Sergio 
245 |a Primo Omo  |b Il sesso fra maschi nei racconti della prima volta 
260 |a Roma   |b Gruppo Editoriale l'Espresso  |c 2009 
942 |2 ddc  |c BK  |n 0 
952 |0 0  |1 0  |2 ddc  |4 0  |6 802_000000000000000_ROZ  |7 1  |9 1604  |a RM  |b RM  |d 2024-07-10  |l 0  |o 802 ROZ  |p 280  |r 2024-07-10 18:25:14  |w 2024-07-10  |y BK 
999 |c 1423  |d 1423